Quiz sur l'OGC SNUS - Statistiques

Statistiques générales
  • Ce quiz a été pris 14 fois
  • Le résultat moyen est 12 sur 20
Statistiques - réponses
Question Réponse % Correct
Combien de tir cadrés l'OGC a pu compter à la fin de leur premier match contre le Chicagros Boule ? 0
100%
Notre plus grand fumeur/snusseur ? Come
80%
Qui est actuellement le meilleur buteur avec 4 buts ? Marin
80%
Ohlélé, Ohlala, qui ne saute pas n'est pas un... snussois
80%
Quel équipe fait peur au grand OGC SNUS ? FC Palestino
70%
Quel joueur a mit un beau tacle par derrière dans la surface provoquant un pénalty lors du match contre Transpole ? Pierre
70%
De quelle altitude le coach regarde le terrain ? 2m04
60%
Mais qui est donc le joueur fantôme qu'on n'a pas encore eu la chance de voir ? Boidin
60%
Qui est actuellement le joueur qui a envoyé le plus d'adversaire à l'hôpital ? Jean-François
60%
Pendant environ 30 secondes chaque match, Philou est capable de se transformer en un joueur très connu, qui est-il ? Lionel Messi
60%
Qui prend les photos les plus floues dans l'équipe ? Antoine
50%
Quelle équipe parle beaucoup et risque de se manger une revanche ? Chicagros boule
50%
Qui détient actuellement le record du plus grand nombre de bières bu sur le bord du terrain ? Damian
50%
Quel animal est la mascotte de l'équipe ? GOAT
50%
Quel équipe était assez peu fair-play pour mériter un chant qui n'est pas accepté par la LFP ? L'ékipage
50%
Quel est l'équipe rivale de l'OGC ? Milan à chier
50%
Quel joueur est le plus (et le seul) à l'heure ? Philou
50%
A quoi ressemblait les contrôles de certains joueurs lors des premiers match (on ne citera personne) ? Contrôle sanitaire, Contrôle au faciès, Contrôle surprise...
40%
A quel poste joue Victor ? Partout
40%
Qui est actuellement le joueur qui a frappé le plus d'adversaire ? Thomas
40%
Aucun quiz correspondant
Distribution des résultats
% des personnes avec chaque résultat
Percentile par nombre de réponses
Votre historique - résultats
Vous n’avez pas pris ce quiz